Most Streamed Album By Year - Statistics

General Stats
  • This quiz has been taken 41 times
    7 since last reset
  • The average score is 35 of 67
Answer Stats
Hint Artist Answer % Correct
2011 Adele 21
100%
2012 Lana Del Ray Born To Die
100%
2017 Ed Sheeran Divide
100%
2024 Billie Eilish Hit Me Hard And Soft
100%
1991 Nirvana Nevermind
100%
2021 Olivia Rodrigo SOUR
100%
2016 The Weeknd Starboy
100%
1973 Pink Floyd The Dark Side Of The Moon
100%
2008 Lady Gaga The Fame
100%
2022 Bad Bunny Un Verano Sin Ti
100%
2020 The Weeknd After Hours
67%
1996 2Pac All Eyez On Me
67%
2013 Arctic Monkeys AM
67%
1987 Guns N' Roses Appetite For Destruction
67%
1980 AC/DC Back In Black
67%
2006 Amy Winehouse Back To Black
67%
2018 Post Malone beerbongs & bentleys
67%
2025 Bad Bunny Debi Tirar Mas Fotos
67%
2026 A$AP Rocky Don't Be Dumb
67%
2007 Kanye West Graduation
67%
2019 Post Malone Hollywood's Bleeding
67%
2023 Karol G Manana Sera Bonito
67%
2014 Ed Sheeran Multiply
67%
1997 Radiohead OK Computer
67%
2015 Justin Bieber Purpose
67%
1977 Fleetwood Mac Rumours
67%
1968 The Beatles The Beatles
67%
1982 Michael Jackson Thriller
67%
1995 Oasis (What's The Story) Morning Glory?
67%
1999 Dr. Dre 2001
33%
1969 The Beatles Abbey Road
33%
1963 Various Artists A Christmas Gift For You From Philles Records
33%
1966 The Rolling Stones Aftermath
33%
1975 Queen A Night At The Opera
33%
1961 Elvis Presley Blue Hawaii
33%
2005 Gorillaz Demon Days
33%
1998 The Goo-Goo Dolls Dizzy Up The Girl
33%
1962 Ben E. King Don't Play That Song!
33%
2010 Bruno Mars Doo-Wops & Hooligans
33%
1981 Journey Escape
33%
1989 Tom Petty Full Moon Fever
33%
1965 The Beatles Help!
33%
1972 Elton John Honky Chateau
33%
1976 Eagles Hotel California
33%
2004 The Killers Hot Fuss
33%
2000 Linkin Park Hybrid Theory
33%
1993 Nirvana In Utero
33%
1978 Queen Jazz
33%
1971 Led Zeppelin Led Zeppelin IV
33%
1964 Brenda Lee Merry Christmas From Brenda Lee
33%
2003 Linkin Park Meteora
33%
1970 Black Sabbath Paranoid
33%
1992 Rage Against The Machine Rage Against The Machine
33%
1994 The Notorious B.I.G. Ready To Die
33%
1984 Bryan Adams Reckless
33%
1974 Lynyrd Skynyrd Second Helping
33%
1986 Bon Jovi Slippery When Wet
33%
1985 Tears For Fears Songs From The Big Chair
33%
1983 The Police Synchronicity
33%
2002 Eminem The Eminem Show
33%
2009 Black Eyed Peas The E.N.D.
33%
1960 Nat King Cole The Magic Of Christmas
33%
1990 AC/DC The Razors Edge
33%
1979 Pink Floyd The Wall
33%
2001 System Of A Down Toxicity
33%
1988 Tracy Chapman Tracy Chapman
33%
1967 Marvin Gaye & Tammi Terrell United
33%
No matching quizzes found
Score Distribution
Percent of People with Each Score
Percentile by Number Answered
Your Score History
You have not taken this quiz since the last reset